De jefe a líder : (Registro nro. 11370)
[ vista simple ]
| 000 -LIDER | |
|---|---|
| fixed length control field | 00804nam a22002777a 4500 |
| 001 - NÚMERO DE CONTROL | |
| Identificador de número de control | 00495 |
| 003 - IDENTIFICACDOR DE NÚMERO DE CONTROL | |
| control field | DO-SdBNP |
| 005 - DATE AND TIME OF LATEST TRANSACTION | |
| control field | 20171113112011.0 |
| 007 - CAMPOS FIJOS DE DESCRIPCIÓN FÍSICA | |
| fixed length control field | 000495 |
| 008 - ELEMENTOS DE LONGITUD FIJA | |
| fixed length control field | 160914b 2008 ag ||||| |||| 00| 0 spa d |
| 020 ## - ISBN | |
| International Standard Book Number | 9505119135 |
| 020 ## - ISBN | |
| International Standard Book Number | 9789505119134 |
| 040 ## - FUENTE DE CATALOGACIÓN | |
| Agencia que crea de manera original el registro | BPMSU |
| Idioma de catalogación | spa |
| Agencia que realiza la transcripción | BPMSU |
| 082 #4 - NÚMERO DE CLASIFICACIÓN DECIMAL DE DEWEY | |
| Classification number | 658.4092 |
| Item number | R669d |
| 100 1# - ASIENTO PRINCIPAL -- NOMBRE PERSONAL | |
| Nombre personal | Roca, Francisco |
| 245 10 - MENCIÓN DE TITULO | |
| Título | De jefe a líder : |
| Subtítulo | la metamorfosis / |
| Mención de responsabilidad | Francisco Roca. |
| 260 ## - PUBLICACIÓN, DISTRIBUCIÓN, ETC. (PIE DE IMPRENTA) | |
| Lugar de publicación, distribución, etc | Buenos Aires, Argentina : |
| Nombre del editor, distribuidor, etc. | Aguilar, |
| Fecha de publicación, distribución, etc | 2008. |
| 300 ## - DESCRIPCIÓN FÍSICA | |
| Extensión | 203 p. |
| Dimensiones | 22 cm. |
| 500 ## - NOTA GENERAL | |
| Nota general | Segunda reimpresión: mayo de 2008 |
| 650 #4 - ENCABEZAMIENTO DE MATERIA--TEMÁTICO | |
| Término temático o nombre geográfico como elemento de entrada | LIDERAZGO |
| 650 #4 - ENCABEZAMIENTO DE MATERIA--TEMÁTICO | |
| Término temático o nombre geográfico como elemento de entrada | APTITUDES |
| 910 ## - VALIDACIÓN | |
| Validación | Validado. Control de calidad MFF |
| 942 ## - ADDED ENTRY ELEMENTS (KOHA) | |
| Source of classification or shelving scheme | Dewey Decimal Classification |
| Koha item type | Libros |
| 945 ## - INFORMACIÓN DE PROCESAMIENTO LOCAL | |
| Información de procesamiento local | Inventariado extrajenro / 2017 VM |
| 956 ## - LOCAL ELECTRONIC LOCATION AND ACCESS (OCLC) | |
| Método de acceso | LOPEREZ |
| Materiales especificados | 10 |
| Enlace | 20160914 |
| Campo enlazado y núm. de secuencia | BPMSU |
| Nombre de host | 00041 |
| Withdrawn status | Lost status | Source of classification or shelving scheme | Damaged status | Not for loan | Collection code | Home library | Current library | Date acquired | Source of acquisition | Total Checkouts | Full call number | Barcode | Date last seen | Price effective from | Koha item type | Copy number |
|---|---|---|---|---|---|---|---|---|---|---|---|---|---|---|---|---|
| Dewey Decimal Classification | Colección General | Biblioteca Pública Metropolitana Salomé Ureña | Biblioteca Pública Metropolitana Salomé Ureña | 09/14/2016 | Alfaguara | 658.4092 R669d | BPMSU16090262 | 09/14/2016 | 09/14/2016 | Libros | ||||||
| Dewey Decimal Classification | Colección General | Biblioteca Pública Metropolitana Salomé Ureña | Biblioteca Pública Metropolitana Salomé Ureña | 09/14/2016 | Alfaguara | 658.4092 R669d | BPMSU16090263 | 09/14/2016 | 09/14/2016 | Libros | e. 2 | |||||
| Dewey Decimal Classification | Colección General | Biblioteca Pública Metropolitana Salomé Ureña | Biblioteca Pública Metropolitana Salomé Ureña | 09/14/2016 | Alfaguara | 658.4092 R669d | BPMSU16090264 | 09/14/2016 | 09/14/2016 | Libros | e. 3 |